000 01096nam a2200277Ia 4500
003 OSt
005 20221005103208.0
006 a|||||r|||| 00| 0
007 ta
008 221004b |||||||| |||| 00| 0 hin d
020 _a9789383333067 (hbk)
_c900
024 _a24745
037 _b60, 30/12/2015, Mallika Books
_cTextual
040 _aCRL
_cCRL
_bhin
041 _2hin
_ahin
082 _aO15,1N50,AR:g, 152Q4
100 _aरामभद्रा
245 0 _aअरून्धती महाकाव्य का साहित्यिक अनुशीलन
246 _aArūndhatī mahākāvya kā sāhityik anushīlana
260 _aकानपुर
_bसाहित्य निलय भारत
_c2014
300 _a352पृ0
_ccm.
650 _aसंस्कृत साहित्य
700 _a शुक्ला, सद्भावना
942 _hO15,1N50,AR:g, 152Q4
_cTEXL
_2cc
999 _c1009615
_d1009615